| 000 -LEADER |
| fixed length control field |
00563nam a22002057a 4500 |
| 008 - FIXED-LENGTH DATA ELEMENTS--GENERAL INFORMATION |
| fixed length control field |
131003b xxu||||| |||| 00| 0 ger d |
| 020 ## - INTERNATIONAL STANDARD BOOK NUMBER |
| International Standard Book Number |
3540096566 |
| 020 ## - INTERNATIONAL STANDARD BOOK NUMBER |
| International Standard Book Number |
0387096566 |
| 041 1# - LANGUAGE CODE |
| Language code of text/sound track or separate title |
ger |
| 080 ## - UNIVERSAL DECIMAL CLASSIFICATION NUMBER |
| Universal Decimal Classification number |
004 |
| 100 1# - Rafti |
| Rafti |
Bode, Arndt |
| 245 ## - TITLE STATEMENT |
| Title |
Rechner-architektur |
| Statement of responsibility, etc |
Bode, Arndt |
| 260 ## - |
| -- |
New York |
| -- |
Berlin |
| -- |
Springer-Verlag Berlin Heidelberg |
| -- |
1980 |
| 300 ## - |
| -- |
278 f. |
| -- |
ilustr. |
| -- |
24 cm. |
| 500 ## - |
| -- |
Parathenie [V]-VIII |
| 650 #0 - |
| -- |
Kompjuterat |
| 650 #0 - |
| -- |
Arkitektura |
| 700 1# - |
| -- |
Wolfgang Handler |
| 942 ## - ADDED ENTRY ELEMENTS (KOHA) |
| Source of classification or shelving scheme |
|
| Item type |
Books |